Movies Quiz

Random Movies or Actor Quiz

Biopic Actors Quiz Stats

 Plays Quiz Updated Oct 11, 2018

Score 0/34 Timer 07:00
2 Plays Today
Person Actor or Actress % Correct
Ray CharlesJamie Foxx
89.7%
Erin BrockovichJulia Roberts
88.4%
Muhammad AliWill Smith
87.1%
Johnny CashJoaquin Phoenix
86%
Howard HughesLeonardo DiCaprio
83.7%
Harvey MilkSean Penn
83.2%
Eva PerónMadonna
72.6%
James BraddockRussell Crowe
70.9%
J. M. BarrieJohnny Depp
69%
Malcolm XDenzel Washington
68.7%
SelenaJennifer Lopez
66.1%
Andy KaufmanJim Carrey
62.7%
Mahatma GandhiBen Kingsley
59.8%
Truman CapotePhilip Seymour Hoffman
59.6%
Idi AminForest Whitaker
57.5%
Cleopatra VIIElizabeth Taylor
53.7%
Queen Elizabeth ICate Blanchett
51.6%
Person Actor or Actress % Correct
Larry FlyntWoody Harrelson
51%
Charlie Chaplin Robert Downey Jr.
48.5%
George S. PattonGeorge C. Scott
41.3%
Loretta LynnSissy Spacek
39.5%
Bobby DarinKevin Spacey
35.7%
George ReevesBen Affleck
33.3%
Jerry Lee LewisDennis Quaid
32.5%
Winston ChurchillGary Oldman
31.4%
Richard NixonAnthony Hopkins
31%
Beatrix PotterRenée Zellweger
28.3%
Edith PiafMarion Cotillard
25.6%
Marquis de SadeGeoffrey Rush
25.2%
Joan CrawfordFaye Dunaway
22.1%
Lou GehrigGary Cooper
20.6%
Cole PorterKevin Kline
19%
Rocky GrazianoPaul Newman
9.4%
Rudyard KiplingChristopher Plummer
3.6%

You're not logged in!

Compare scores with friends on all Sporcle quizzes.
OR
Log In

Sporcle TV

Today on Sporcle TV


Watch our educational content, quiz creation guides, and fun videos on Sporcle TV.

Show Comments

Extras

Top Quizzes Today


Score Distribution

Your Account Isn't Verified!

In order to create a playlist on Sporcle, you need to verify the email address you used during registration. Go to your Sporcle Settings to finish the process.

Report this User

Report this user for behavior that violates our Community Guidelines.

Details: